Analýza systému merania pre meracie zariadenia firmy Presná s.r.o.

Guardado en:
Detalles Bibliográficos
Autor principal: Karlík, Vladimír (Autor)
Otros Autores: Palenčár, Rudolf (Orientador)
Formato: Manuscrito Libro
Lenguaje:eslovaco
Publicado: 2016
Materias:
Acceso en línea:http://is.stuba.sk/zp/portal_zp.pl?podrobnosti=120500
Etiquetas: Agregar Etiqueta
Sin Etiquetas, Sea el primero en etiquetar este registro!

MARC

LEADER 00000ntm a22000003a 4500
001 stuzp58344
003 SK-STU
005 20160719155532.7
007 ta
008 150427s2015----xo-----f-mn---000-0-slo-d
040 |a STU  |b slo 
041 0 |a slo 
100 1 |a Karlík, Vladimír  |u 020020  |k Z4  |4 aut  |U SjF Strojnícka fakulta  |T SjF Ústav automatizácie, merania a aplikovanej informatiky  |X 9552  |U J0020  |Y 802  |7 A000009552 
242 0 1 |a Measurement System Analysis for measuring equipment PRESNÁ s.r.o.  |y eng 
245 1 0 |a Analýza systému merania pre meracie zariadenia firmy Presná s.r.o. 
260 |c 2016 
650 4 |a systém manažérstva merania  |2 slo 
650 4 |a indexy spôsobilosti  |2 slo 
650 4 |a meracie zariadenie  |2 slo 
650 4 |a regulačné diagramy  |2 slo 
650 4 |a stabilita a spôsobilosť meracieho procesu  |2 slo 
650 4 |a konfirmácia  |2 slo 
650 4 |a stability and capability of the measurement process.   |2 eng 
650 4 |a confirmation  |2 eng 
650 4 |a control charts  |2 eng 
650 4 |a management system of measurement  |2 eng 
650 4 |a confirmation, measurement equipment  |2 eng 
650 4 |a capability index  |2 eng 
700 1 |a Palenčár, Rudolf  |u 020020  |k Z1  |4 ths  |U SjF Strojnícka fakulta  |T SjF Ústav automatizácie, merania a aplikovanej informatiky  |X 2375  |U J0020  |Y 802  |7 A000002375 
856 4 |u http://is.stuba.sk/zp/portal_zp.pl?podrobnosti=120500 
996 |b 284J044132  |c J* 2422/DP  |l JJSK  |s A  |a 24  |w stuzp58344_0001 
SQL |a stuzp58344  |b DDP  |c SLO  |d Analýza systému merania pre meracie zariadenia firmy Presná s.r.o.  |e 9552  |f Karlík, Vladimír  |g 020020  |h 2375  |i Palenčár, Rudolf  |j 20160615  |k 648  |l 02  |m http://is.stuba.sk/zp/portal_zp.pl?podrobnosti=120500  |n I-MESK  |o 5.2.53. meranie